<?xml version="1.0" encoding="UTF-8"?>
<record
    xmlns:xsi="http://www.w3.org/2001/XMLSchema-instance"
    xsi:schemaLocation="http://www.loc.gov/MARC21/slim http://www.loc.gov/standards/marcxml/schema/MARC21slim.xsd"
    xmlns="http://www.loc.gov/MARC21/slim">

  <leader>01662nam a2200241Ia 4500</leader>
  <controlfield tag="005">20231102150653.0</controlfield>
  <controlfield tag="008">120622s    2004mx            000 0 mx  d</controlfield>
  <datafield tag="020" ind1=" " ind2=" ">
    <subfield code="a">9700749010</subfield>
  </datafield>
  <datafield tag="082" ind1=" " ind2=" ">
    <subfield code="a">346 R741c v.3 2004</subfield>
  </datafield>
  <datafield tag="100" ind1=" " ind2=" ">
    <subfield code="a">Rojina Villegas, Rafael</subfield>
    <subfield code="e">autor</subfield>
  </datafield>
  <datafield tag="245" ind1=" " ind2=" ">
    <subfield code="a">Compendio de dereho civil III </subfield>
    <subfield code="b">: teor&#xED;a general de las obligaciones </subfield>
    <subfield code="c">/ Rafael Rojina Villegas</subfield>
  </datafield>
  <datafield tag="250" ind1=" " ind2=" ">
    <subfield code="a">25a. edici&#xF3;n</subfield>
  </datafield>
  <datafield tag="260" ind1=" " ind2=" ">
    <subfield code="a">M&#xE9;xico </subfield>
    <subfield code="b">: Porr&#xFA;a</subfield>
    <subfield code="c">, 2004</subfield>
  </datafield>
  <datafield tag="300" ind1=" " ind2=" ">
    <subfield code="a">543 p&#xE1;ginas</subfield>
  </datafield>
  <datafield tag="337" ind1=" " ind2=" ">
    <subfield code="a">texto</subfield>
  </datafield>
  <datafield tag="338" ind1=" " ind2=" ">
    <subfield code="a">sin medio</subfield>
  </datafield>
  <datafield tag="339" ind1=" " ind2=" ">
    <subfield code="a">volumen</subfield>
  </datafield>
  <datafield tag="500" ind1=" " ind2=" ">
    <subfield code="a">Vig&#xE9;simo quinta edici&#xF3;n concordada con la Legislaci&#xF3;n vigente por la Lic. Adriana Rojina Garc&#xED;a</subfield>
  </datafield>
  <datafield tag="505" ind1=" " ind2=" ">
    <subfield code="a">Primera parte. De las obligaciones en general
Segunda parte. Supuestos y consecuencias de creaci&#xF3;n de las obligaciones
El contrato como acto jur&#xED;dico creador de obligaciones
El contrato como norma jur&#xED;dica
Teor&#xED;a general de las fuentes extracontractuales
La declaraci&#xF3;n unilateral de voluntad como fuente de obligaciones
El testamento y la sentencia como fuentes de obligaciones
Hechos jur&#xED;dicos que son fuentes de obligaciones
Tercera parte. Supuestos y consencuencias del cumplimiento y de incumplimiento de las obligaciones.
Supuestos y consecuencias relativos al cumplimiento de las obligaciones
Incumplimiento de las obligaciones y responsabilidad civil
Instituciones protectoras del acreedor (Incumplimiento de las obligaciones en relaci&#xF3;n a terceros)
Cuarta parte. Transmisi&#xF3;n de las obligaciones
Quinta parte. Extinci&#xF3;n de las obligaciones
Sexta parte. Modalidades de las obligaciones</subfield>
  </datafield>
  <datafield tag="650" ind1="1" ind2="4">
    <subfield code="a">DERECHO CIVIL.</subfield>
  </datafield>
  <datafield tag="650" ind1="2" ind2="4">
    <subfield code="a">OBLIGACIONES (DERECHO)</subfield>
  </datafield>
  <datafield tag="942" ind1=" " ind2=" ">
    <subfield code="2">ddc</subfield>
    <subfield code="c">LB</subfield>
  </datafield>
  <datafield tag="952" ind1=" " ind2=" ">
    <subfield code="0">0</subfield>
    <subfield code="1">0</subfield>
    <subfield code="2">ddc</subfield>
    <subfield code="4">0</subfield>
    <subfield code="7">0</subfield>
    <subfield code="a">22</subfield>
    <subfield code="b">22</subfield>
    <subfield code="d">2007-01-25</subfield>
    <subfield code="l">0</subfield>
    <subfield code="o">346 R741c v.3 2004</subfield>
    <subfield code="p">01 010373</subfield>
    <subfield code="r">2012-06-24</subfield>
    <subfield code="t">1</subfield>
    <subfield code="w">2012-06-24</subfield>
    <subfield code="y">LB</subfield>
  </datafield>
  <datafield tag="952" ind1=" " ind2=" ">
    <subfield code="0">0</subfield>
    <subfield code="1">0</subfield>
    <subfield code="2">ddc</subfield>
    <subfield code="4">0</subfield>
    <subfield code="7">0</subfield>
    <subfield code="a">01</subfield>
    <subfield code="b">01</subfield>
    <subfield code="d">2007-01-25</subfield>
    <subfield code="l">1</subfield>
    <subfield code="o">346 R741c v.3 2004</subfield>
    <subfield code="p">01 010374</subfield>
    <subfield code="r">2017-04-18</subfield>
    <subfield code="s">2017-04-18</subfield>
    <subfield code="t">2</subfield>
    <subfield code="w">2012-06-24</subfield>
    <subfield code="y">LB</subfield>
  </datafield>
  <datafield tag="952" ind1=" " ind2=" ">
    <subfield code="0">0</subfield>
    <subfield code="1">0</subfield>
    <subfield code="2">ddc</subfield>
    <subfield code="4">0</subfield>
    <subfield code="7">0</subfield>
    <subfield code="a">22</subfield>
    <subfield code="b">22</subfield>
    <subfield code="d">2007-01-25</subfield>
    <subfield code="l">3</subfield>
    <subfield code="o">346 R741c v.3 2004</subfield>
    <subfield code="p">01 010375</subfield>
    <subfield code="r">2015-12-15</subfield>
    <subfield code="s">2015-12-15</subfield>
    <subfield code="t">3</subfield>
    <subfield code="w">2012-06-24</subfield>
    <subfield code="y">LB</subfield>
  </datafield>
  <datafield tag="999" ind1=" " ind2=" ">
    <subfield code="c">60039</subfield>
    <subfield code="d">60039</subfield>
  </datafield>
</record>
